Регионална библиотека "Любен Каравелов" - Русе

Цветен атлас по анатомия (Запис номер 346203)

MARC детайли
000 -Лидер
Контролно поле с фиксирана дължина 02151nam a2200421 c 4500
003 - Код на организацията, давaща контролен номер
Контролно поле BLK
005 - Дата и час на последна редакция
Контролно поле 20221208030814.0
008 - Елементи от данни с фиксирана дължина
fixed length control field 180408b bul|||||r ||||||| ||bul||
010 ## - Наследен системен номер
LC control number KNG00059658000
020 ## - Международен стандартен номер на книга ISBN
Международен стандартен номер на книга ISBN 9789545166884
040 ## - Източник на каталожния запис
Идентификатор на билиотеката - собственик на записа BLK
041 ## - Код за език
Код за езика на текст/звукозапис или на отделно заглавие Български
Код за езика КДБФ Български
080 ## - УДК
Текстов определител УДК Анатомия. Вж и 572 ; 591.4 ; 616.1/.9 ; 343.9 ; 743
УДК код - определител по УДК 611
УДК определител (084.4)
УДК - код + определител 611(084.4)
080 ## - УДК
Текстов определител УДК Специална анатомия. Анатомия на отделните органи и системи
УДК код - определител по УДК 611.1/.8
УДК определител (084.4)
УДК - код + определител 611.1/.8(084.4)
139 ## - Редно поле
Редна дума Цветен атлас по анатомия
Авторски знак Цвете - Ц 32
245 10 - Сведения за заглавието
Заглавие Цветен атлас по анатомия
Подзаглавни данни В 3 т.
Редно поле (дума) авт. на том Вернер Кале; съавт. на том Михаел Фрочер; прев. на том Явор Буков, Пепа Атанасова
Том Т. 3
Заглавие на том Нервна система и сетивни органи
257 ## - Страна на издаване
Страна на създаване/издаване Германия
260 ## - Област на издателските данни
Година на издаване 2005 -
Печатница София : Вулкан
300 ## - Физическа характеристика
Размери/Мащаб 20 см
380 ## - Жанр
Жанр Медицина
500 ## - Общи забележки
Забележка Ориг. загл. Taschenatlas der Anatomie. - Прев. по 8. прераб. изд.
504 ## - Забележка за наличие на библиография и др
Забележка за наличие на библиография и под. 384-389
650 #4 - Допълнително описание по предмет – тема
Основно описание – тема или топоним Анатомия - атласи
9 (RLIN) 270692
650 #0 - Допълнително описание по предмет – тема
Основно описание – тема или топоним Централна нервна система
9 (RLIN) 290611
653 ## - Ключова дума – ненормативна
Ключова дума анатомия
653 ## - Ключова дума – ненормативна
Ключова дума атласи
653 ## - Ключова дума – ненормативна
Ключова дума учебници за ВУЗ
700 ## - Други автори (авторска отговорност)
Лично име Буков, Явор
Автороска отговорност (Описва отношението между автора и произведението) прев. на том
9 (RLIN) 369181
700 ## - Други автори (авторска отговорност)
Лично име Атанасова, Пепа
Автороска отговорност (Описва отношението между автора и произведението) прев.
9 (RLIN) 966
760 1# - Описание на основната серия
Място на издаване, издател и година Летера, 2007
Страници - том 408 с. : 637 цв. ил.
Забележка - том Ориг. загл. Innere Organe. - Съдържа 541 цв. и черно-бели ил. от Герхард Шпитцер. - Библиогр. с. 388-408; Азб. показалец
Заглавие Т. 3 Нервна система и сетивни органи
852 ## - Местоположение
Фондова буква Хранилище
Систематично-азбучна сигнатура Ч 611/Ц 32
856 4# - Електронен адрес и достъп
Електронен формат pdf - файл
856 4# - Електронен адрес и достъп
Електронен формат pdf - файл
999 ## - СИСТЕМНИ КОНТРОЛНИ НОМЕРА
Koha biblionumber 346203
Koha biblioitemnumber 346203
942 ## - АРТИКУЛИ
Вид на библиотечния материал Книги
Скрит в OPAC Не
Периодичен библиозапис Да
944 ## - СЪЗДАВАНЕ И РЕДАКЦИЯ на ЗАПИСА
Създаване/Редакция Създаване
Дата на регистрацията/редакция 30.05.2006
Служител, извършил регистрацията/редакцията Кети_Илиева
944 ## - СЪЗДАВАНЕ И РЕДАКЦИЯ на ЗАПИСА
Създаване/Редакция Редакция
Дата на регистрацията/редакция 25.01.2013
999 ## - СИСТЕМНИ КОНТРОЛНИ НОМЕРА
Koha biblioitemnumber 346203
999 ## - СИСТЕМНИ КОНТРОЛНИ НОМЕРА
Koha biblioitemnumber 346203
999 ## - СИСТЕМНИ КОНТРОЛНИ НОМЕРА
Koha biblioitemnumber 346203
999 ## - СИСТЕМНИ КОНТРОЛНИ НОМЕРА
Koha biblioitemnumber 55686
Наличности
Код за отписване Код за изгубен артикул Източник на класификационната схема Код за повреда Код за отдаване Артикулен № Име на библиотеката - собственик Име на библиотеката, в която се намира в момента Статус (Текущо местоположение) Дата на вписване в системата Местоположение - отдел Цена в лева Систематично азбучна сигнатура Баркод Цена в евро Служебен тип на артикула
  Не е изгубен Universal Decimal Classification Не е повреден ползва се в читалня 748228 Регионална библиотека "Любен Каравелов" Русе Регионална библиотека "Любен Каравелов" Русе Читалня 2019-10-26 Читалня 29.75 Ч 611/Ц 32 120000837117 15.21 Книги
Vip Innovations Ltd, Rousse, Bulgaria 2025